| 000 | 01079nam a2200289 i 4500 | ||
|---|---|---|---|
| 001 | bg | ||
| 100 | 1 | _aCECOT, Witold | |
| 245 | 1 | 0 |
_aAnalysis of selected in-elastic problems by h-adaptive finite element method / _cWitold Cecot. |
| 260 |
_aKraków : _bWydawnictwo PK, _c2005. |
||
| 300 |
_a152 s. : _bil. (w tym kolor.) ; _c24 cm. |
||
| 490 | 1 | _aMonografia / Politechnika Krakowska im. Tadeusza Kościuszki. Mechanika | |
| 500 | _aStreszcz. niem., pol. | ||
| 500 | _aISSN i nr serii gł.: 0860-097X ; 323. | ||
| 504 | _aBibliogr. s. 111-131. | ||
| 650 | 9 |
_aKoła jezdne _xmechanika _xbadanie |
|
| 650 | 9 |
_aMetale _xmechanika _xbadanie |
|
| 650 | 9 | _aMetoda elementów skończonych | |
| 650 | 9 |
_aNaprężenia i odkształcenia _xbadanie |
|
| 650 | 9 |
_aSzyny kolejowe _xmechanika _xbadanie |
|
| 830 | 0 | _aMonografia (Politechnika Krakowska im. Tadeusza Kościuszki. Mechanika) | |
| 015 | _aPB 6503/2006 | ||
| 040 | _cBPK | ||
| 041 | 0 |
_aeng _bgerpol |
|
| 080 | _a625.143:629.4:669.017/.018:539.3/.4:519.61/.64 | ||
| 942 | _cKS | ||
| 008 | s pl f |000 0 pol | ||
| 999 |
_c51714 _d51714 |
||
| 856 |
_uhttp://koha.tu.koszalin.pl/cgi-bin/koha/opac-detail.pl?biblionumber=51714 _yKatalog online BPK |
||